00393nam a2200133Ia 4500008004100000082001600041100001700057245002900074260001800103600001500121942000700136952009900143999001700242241002s9999 xx 000 0 und d a153.852 BRO aBroen, J.A.C 0aTechniques of Persuasion aLondon:c1971 aPhilosophy cUC 00104070aUITUbUITUd1994-01-01l0o153.852 BROpUC408r2024-10-02 09:31:20w2024-10-02yUC c18735d18735